00748nam a22001815i 4500001000700000003000900007005001700016008004100033040003000074100001400104245021600118260010000334300002600434650002200460752002400482752002400506852003600530165447ES-MaACL20250721062643.0010723s1885 fr |||| | fre d aCCPB | B bspa cCCPB | B1 aSmith, L.14aLes coalitions et les grèves d'après l'histoire et l'économie politique avec un appendice de lois de divers pays b: prix Rossi de 1885 à l'Académie des sciences morales et politiques / cpar L. Smith. aParis : bGuillaumin et C\pie\s, éditeurs, c[s.a.] (eCrété) :fCorbeil Typ. et stér.) aIV, 288 p. ; c22 cm. 7aEconomía2embne aFrancia - dParís aFrancia - dCorbeil aES-MaACLjF-4062 z-- Enc. hol.